000
00236nam a22000977a 4500
005
20250901165459.0
008
210409b ||||| |||| 00| 0 eng d
050
_a
PR6056.R43 .F74 2004
245
_a
Dead end
_c
FREEMANTLE, BRIAN
942
_2
lcc
999
_c
4654
_d
4654